| 000 | 00503nam a2200217Ia 4500 | ||
|---|---|---|---|
| 003 | OSt | ||
| 005 | 20230403100925.0 | ||
| 008 | 210423s2005 xx 000 0 und d | ||
| 020 | _a9780170122689 | ||
| 040 | _cAL | ||
| 041 | _aeng | ||
| 082 |
_a658 SAMD _223 |
||
| 100 |
_aSAMSON (Danny);DAFT (Richard L). _982163 |
||
| 245 | _aManagement. | ||
| 250 | _a2 | ||
| 260 |
_aAustralia _bThomson _c2005 |
||
| 300 |
_axxxi,,840 _bPB |
||
| 365 |
_b595 _cINR |
||
| 906 | _aManagement. | ||
| 942 |
_2ddc _cBK |
||
| 999 |
_c158536 _d158536 |
||